Tilastot visalle Sanat: "Rin-Tin-Tin" - Leevi and the Leavings

Klikkaa tästä pelataksesi tätä visaa!

Yleistilastot

  • Tätä visaa on pelattu 61 kertaa
  • Keskiarvotulos 108 / 185

Vastaustilastot

HintVastaus% Oikein
Rin-Tin-Tin
98%
nimi
96%
oli
96%
jo
88%
joka
88%
mulle
88%
murisi
88%
piski
88%
sun
88%
Sun
88%
typerä
88%
Typerä
88%
villakoirasi
88%
minä
87%
Hölmöksi
85%
tunsin
85%
itsenikin
83%
häntääni
81%
heilutin
81%
vain
81%
79%
79%
halusin
77%
kai
77%
kaikesta
77%
puhua
77%
sulle
77%
Vaikka
71%
Ja
65%
kun
60%
se
58%
1Jos
54%
olen
52%
2.Olen
52%
olin
52%
aikaa
50%
ei
50%
josta
50%
jotain
50%
kadonnutta
50%
3.Sinä
50%
sinä
50%
etsit
48%
kertoisin
48%
luopumaan
48%
usein
48%
jouduit
46%
Ne
46%
ne
46%
huomaat
44%
ollutkaan
44%
totta
42%
jouduin
40%
levyt
40%
Liian
40%
naimisiin
40%
tai
40%
tuskin
40%
enää
38%
kauan
38%
määränpäätä
38%
miettinyt
38%
osoitettakaan
38%
radiossa
38%
silloin
38%
soivat
38%
jäivät
37%
joita
37%
jotka
37%
mitä
37%
muitakin
37%
olla
37%
sanat
37%
Sanat
37%
sitten
37%
vailla
37%
voivat
37%
vuotta
37%
etsii
35%
harhailee
35%
monta
35%
muistan
35%
niitä
35%
sanomatta
35%
sua
35%
kuuntelin
33%
mua
33%
niin
33%
olemassa
33%
tarvitaan
33%
vielä
33%
Että
31%
kaiken
31%
kirjoittaa
31%
Monen
31%
myynyt
31%
pettävät
31%
tietää
31%
vuoden
31%
jälkeen
29%
melkein
29%
mennä
29%
muistelen
29%
sinusta
29%
vieläkin
29%
muistuttaa
27%
suudellessa
27%
tainnoksiin
27%
unohdin
27%
ystävälleen
27%
hävittänyt
25%
suuteletko
25%
hymyiletkö
23%
joku
23%
Lähes
21%

Tulosjakauma

Persentiili vastausten määrän mukaan

Jokaisen tuloksen saaneiden osuus

Tuloshistoriasi

Et ole pelannut tätä visaa